00369 2200157 4500001002100000005001500021035002000036245006200056100001900118250000600137300001200143260002200155082000800177084001400185990001200199INLIS00000000000245820250604104410 a0010-06250000441 aLagu Nasional dan Daerah Indonesia /cDrs. Slamet Raharjo0 aSlamet Raharjo a1 a188 hlm bAneka Ilmu,c2006 a700 a700 SLA l a0712295